Walter Weberhofer : (Registro nro. 5089)
[ vista simple ]
| 000 -LEADER | |
|---|---|
| fixed length control field | 01757nam a22002657a 4500 |
| 003 - CONTROL NUMBER IDENTIFIER | |
| control field | PE SENCICO BE |
| 005 - DATE AND TIME OF LATEST TRANSACTION | |
| control field | 20251020182711.0 |
| 008 - FIXED-LENGTH DATA ELEMENTS--GENERAL INFORMATION | |
| fixed length control field | 250206b |||||||| |||| 00| 0 eng d |
| 020 ## - INTERNATIONAL STANDARD BOOK NUMBER | |
| International Standard Book Number | 978-9972-45-344-1 |
| 040 ## - CATALOGING SOURCE | |
| Original cataloging agency | PE SENCICO BE |
| Transcribing agency | PE SENCICO BE |
| 041 ## - LANGUAGE CODE | |
| Language code of text/sound track or separate title | spa |
| 082 ## - DEWEY DECIMAL CLASSIFICATION NUMBER | |
| Classification number | 720.92 |
| Item number | U4 |
| 110 1# - MAIN ENTRY--CORPORATE NAME | |
| 9 (RLIN) | 2914 |
| Corporate name or jurisdiction name as entry element | Universidad de Lima |
| 245 1# - TITLE STATEMENT | |
| Title | Walter Weberhofer : |
| Remainder of title | el proyecto moderno en el Perú / |
| Statement of responsibility, etc. | Universidad de Lima |
| 250 ## - EDITION STATEMENT | |
| Edition statement | 1a ed. |
| 260 ## - PUBLICATION, DISTRIBUTION, ETC. | |
| Place of publication, distribution, etc. | Lima : |
| Name of publisher, distributor, etc. | Universidad de Lima, Fondo editorial ; |
| Date of publication, distribution, etc. | 2017 |
| 300 ## - PHYSICAL DESCRIPTION | |
| Extent | 326 páginas : |
| Other physical details | ilustraciones a color ; |
| Dimensions | 26 cm. |
| 505 0# - FORMATTED CONTENTS NOTE | |
| Formatted contents note | Ensayos: Walter Weberhofer, un arquitecto latinoamericano -- La idea de canon en la arquitectura de Weberhofer -- Arquitectura a través de la investigación -- Artículos: Edificio Atlas 1953-1955 -- Cine Tauro 1957-1958 -- Facultad de Minas de la Universidad de Ingeniería 1965 -- Petróleos del Perú 1970-1974 -- Escuela Superior de Educación Profesional Ernest Whilem Middenfort 1973 -- Santa María: Casa Lercari 1957 -- Casa Fernandini 1957 -- Casa Matuk 1958 -- Casa Venturo 1958 -- Casa Duany 1958 -- Casa Torres Calderón 1960 -- Análisis gráfico: Morfogenésis -- Edificio Atlas 1953-1955 -- Cine Tauro 1956-1957 -- Casa Fernandini -- 1957 -- Las Sirenas 1959 -- Edificio Petroperú 1970-1974 -- Registro fotográfico: Fotografías actuales -- Casa Lercari 1957 -- Casa Fernandini 1957 -- Casa Matuk 1958 -- Casa Venturo 1958 -- Casa Duany 1958 -- Edificio Las Sirenas 1959 -- Edificio Petroperú 1970-1974 -- Edificio Bertolero 2000 |
| 600 10 - SUBJECT ADDED ENTRY--PERSONAL NAME | |
| 9 (RLIN) | 2915 |
| Personal name | Weberhofer, Walter |
| Dates associated with a name | 1929-2002 |
| 650 10 - SUBJECT ADDED ENTRY--TOPICAL TERM | |
| 9 (RLIN) | 282 |
| Topical term or geographic name entry element | Arquitectos |
| 650 20 - SUBJECT ADDED ENTRY--TOPICAL TERM | |
| 9 (RLIN) | 191 |
| Topical term or geographic name entry element | Arquitectura moderna |
| 651 10 - SUBJECT ADDED ENTRY--GEOGRAPHIC NAME | |
| 9 (RLIN) | 661 |
| Geographic name | Perú |
| 910 ## - USER-OPTION DATA (OCLC) | |
| User-option data | hfp |
| -- | hfp |
| -- | hfp |
| 942 ## - ADDED ENTRY ELEMENTS (KOHA) | |
| Source of classification or shelving scheme | Dewey Decimal Classification |
| Koha item type | Libros |
| Fecha de la última vez que lo usaron | Pago total | Signatura topográfica completa | Código de barras | Precio efectivo desde | Tipo de documento | Estado perdido | Sistema de clasificación | Estado dañado | No es para préstamo | Retirado | Ubicación permanente | Ubicación actual | Fecha de adquisición | Fuente de adquisición |
|---|---|---|---|---|---|---|---|---|---|---|---|---|---|---|
| 06/02/2025 | 720.92/U4 | BibLima25020003 | 06/02/2025 | Libros | Dewey Decimal Classification | Biblioteca Central Lima | Biblioteca Central Lima | 05/12/2024 | Comprado de la librería San Cristóbal |